"100 Te Nario"

Kaydedildi:
Detaylı Bibliyografya
Yazar: Salomó Flores, Jorge (autor del texto)
Materyal Türü: Kitap
Baskı/Yayın Bilgisi: Viña del Mar, Chile: Bote Negro Taller Artes Visuales, 2011.
Konular:
Etiketler: Etiketle
Etiket eklenmemiş, İlk siz ekleyin!

MARC

LEADER 00000nam a22000007a 4500
003 CL-VaPUC
005 20250320154150.0
008 2212212011 ||||| |||| 00| 0 eng d
999 |c 439789  |d 439787 
040 |c Pontificia Universidad Católica de Valparaíso 
082 0 4 |2 22  |a 769.92 SAL 2011 
100 1 |a Salomó Flores, Jorge  |e autor del texto  |9 879499 
245 1 0 |a "100 Te Nario" 
260 |a Viña del Mar, Chile:  |b Bote Negro Taller Artes Visuales,  |c 2011. 
300 |a 12 páginas. 
500 |a c.1 Donación Bib Budge. 21/12/2022 
583 |c 20221221  |k Catalogador Asistente 
600 0 |a Matta, Roberto,  |d 1911-2002  |9 474854 
650 1 |a Grabados   |z Chile  |9 879757  |v Catálogos 
650 1 |a Grabados   |x Artes gráficas  |z Chile  |9 875363 
650 1 |a Grabadores chilenos  |9 489429 
942 |2 ddc  |c BK 
952 |0 0  |1 0  |2 ddc  |4 0  |6 769_920000000000000_SAL_2011  |7 0  |8 X  |9 588414  |a FDOBUD  |b FDOBUD  |c REST  |d 2022-12-21  |e Donación  |i 5656214  |o 769.92 SAL 2011  |p 5656214  |r 2022-12-21  |w 2022-12-21  |y BK_X  |k BUD